The econometric analysis of transition data / (Record no. 15275)

000 -LEADER
fixed length control field 00549cam a2200205 a 4500
020 ## - INTERNATIONAL STANDARD BOOK NUMBER
ISBN 0521265967
020 ## - INTERNATIONAL STANDARD BOOK NUMBER
ISBN 9780521265966
020 ## - INTERNATIONAL STANDARD BOOK NUMBER
ISBN 052143789X
020 ## - INTERNATIONAL STANDARD BOOK NUMBER
ISBN 9780521437899
040 ## - CATALOGING SOURCE
Transcribing agency DLC
082 00 - DEWEY DECIMAL CLASSIFICATION NUMBER
Classification number 330 UNI 1990 A076 Or.
100 1# - MAIN ENTRY--AUTHOR NAME
Personal name Lancaster, Tony,
245 14 - TITLE STATEMENT
Title The econometric analysis of transition data /
300 ## - PHYSICAL DESCRIPTION
Number of Pages xii, 352 pages :
Other physical details illustrations ;
Dimensions 24 cm
490 1# - SERIES STATEMENT
Series statement Econometric Society monographs ;
650 #0 - SUBJECT ADDED ENTRY--TOPICAL TERM
Topical Term Econometrics
650 #4 - SUBJECT ADDED ENTRY--TOPICAL TERM
Topical Term ©œconom©♭trie
650 #4 - SUBJECT ADDED ENTRY--TOPICAL TERM
Topical Term Mod©·le statistique
942 ## - ADDED ENTRY ELEMENTS (KOHA)
Koha item type សៀវភៅភាសាអង់គ្លេស
952 ## - LOCATION AND ITEM INFORMATION (KOHA)
Withdrawn status [LOCAL, KOHA] 0
Holdings
Permanent Location Date acquired Koha item type Lost status Shelving location Barcode Current Location Full call number
Library Block A2017-11-14សៀវភៅភាសាអង់គ្លេស A076A05992Library Block A330 UNI 1990 A076 Or.
មជ្ឈមណ្ឌលឯការនៃសាកលវិទ្យាល័យភូមិន្ទកសិកម្មចំការដូង

Powered by Koha